000 00393nam a22001697a 4500
003 MPLRDC
005 20220104142921.0
008 210129b ||||| |||| 00| 0 eng d
082 _a857.621 WFZ
100 _a王逢振等编
245 _a魔鬼三角与UFO
_c
250 _a一版一刷
260 _a
_b海洋出版社
_c1980
300 _b
650 _a
942 _cBK
_o857.621 WFZ
999 _c34860
_d34850